| 000 | 01066nam a22002895i 4500 | ||
|---|---|---|---|
| 001 | 175178 | ||
| 003 | ES-MaACL | ||
| 005 | 20250812025103.0 | ||
| 008 | 101013s1963 sp ab |||| | spa d | ||
| 080 | _a7(596/598) | ||
| 080 | _a7(595.11) | ||
| 080 | _a904(596/598) | ||
| 080 | _a904(595.11) | ||
| 100 | 0 |
_aGroslier, Bernard Philippe. _9143560 |
|
| 245 | 1 | 0 |
_aIndochina y Malaca / _cpor Bernard Philippe Groslier ; [traducción de Margarita Fontseré]. |
| 260 |
_aBarcelona : _bPraxis : _bSeix Barral, _cD. L. 1963. |
||
| 300 |
_a275 p. : _bil., fot., mapas ; _c24 cm. |
||
| 490 | 1 |
_aEl arte de los pueblos. Culturas no europeas ; _v10 |
|
| 594 | _aTít. original: Kunst der Welt Hinterindien. | ||
| 650 | 1 | 7 |
_aArte indochino _2 _9143561 |
| 651 | 4 |
_aIndochina- _xRestos arqueológicos. _9143562 |
|
| 651 | 7 |
_aMalasia- _xRestos arqueológicos. _9143563 |
|
| 700 | 0 |
_aFontseré, Margarita. _951656 |
|
| 830 | 0 |
_aEl arte de los pueblos. Culturas no europeas ; _v10 _9189547 |
|
| 852 |
_aES-MaACL _jE-13352 _xOlim P-7 |
||
| 999 |
_c175178 _d175178 |
||